000 00544nam a22001697a 4500
005 20251108164307.0
008 250721s1987 xx 000 0 ara d
082 1 4 _a355.0217/بدر
100 1 _aعقيلي، بدر
245 1 0 _aالعمق الإستراتيجي في الحروب الحديثة /
264 1 _aعمان :
_bدار الجليل،
_c1987.
300 _a156ص
490 0 _aالمؤسسة العسكرية الإسرائيلية في دائرة الضوء ؛ 3
650 1 7 _aالحرب
942 _2ddc
_cBK
999 _c8562
_d8562